000 00815nam a22002537a 4500
001 000697
003 DO-SdBNP
005 20221104085015.0
007 000697
008 151210b 2011 sp 00| 0 spa d
020 _a9788403101395
040 _aBPMSU
_bspa
_cBPMSU
082 4 _a133.3
_bB171p 2011
_222
100 1 _aBalam, Yaxal
245 1 3 _aLa profecía :
_bel camino para conquistar la nueva era de la esperanza se encuentra en este libro /
_cYaxal Balam ; compilador José María Ferrer Cuñat
260 _aMadrid ;
_bAguilar ;
_bSantillana ediciones generales,
_c2011.
300 _a247 p.;
_c14 cm.
590 _6Inventariado, 2022/VM
650 4 _2Profecías
650 4 _2Predicciones
700 1 2 _aFerrer Cuñat, José María
_ecomp.
910 _aYLOCKWARD/ VMateo V. /Validado
942 _2ddc
_cBK
999 _c11471
_d11471